000 00274nam a22001337a 4500
008 170405b xxu||||| |||| 00| 0 eng d
020 _a2900824809569
041 _aeng
080 _a574
100 _a9
101 _aSHM
245 _aPAU HANA
_cTAKAKI, R
942 _2udc
_cBK
999 _c9738
_d9738